=LDR 00000nam 2200000 4500 =001 INLIS000000000047467 =005 20151202160434.0 =006 =007 =008 =035 ##$$0010-121500000000008 =082 ##$$a297.2 =100 ##$$aABDURRAHMAN MASYKUR =245 ##$$aAL FURQAN ANTARA KEKASIH ALLAH DAN KEKASIH SYAITAN =260 ##$$a JAKARTA $b PANJI MAS $c 1989 =300 ##$$a XI; 187 HLM =850 ##$$aNBPNMAT =990 ##$$a31.940/pro.89